000 00684nam a2200229 a 4500
005 20240925064119.0
008 991125s1977 bar 000 0 spa u
020 _a8424401786
035 _aUPN01000012253
049 _aCG
050 4 _aLB1117
_bP5.48 1977
100 1 _aPiaget, Jean,
_d1896-1980
245 1 3 _aEl criterio moral en el niño /
_cJean Piaget ; tr. Nuria Vidal.
260 _aBarcelona, Esp. :
_bFontanella,
_c1977.
300 _a356 p.
440 3 _aLa educación ;
_v13
500 _aBibliografía de Jean Piaget :
_ap.345-356
650 4 _aCARACTER -
_xPRUEBAS
_96676
650 4 _aEducación moral
_91396
650 4 _aNiño, Estudio del
_9221
905 _aLibro
999 _c12253
_d12253